[Event "Grenzturnering 2013-2014"]
[Site "Logumkloster"]
[Date "2014.01.28"]
[Round "4"]
[White "Lauritzen, Vagn"]
[Black "Millgramm, Stephan"]
[Result "0-1"]
[WhiteElo "1566"]
[BlackElo "1853"]
[PlyCount "64"]
[EventDate "2013.??.??"]

1. e4 e6 2. d4 d5 3. Nd2 Nf6 4. Bd3 c5 5. e5 Nfd7 6. c3 cxd4 7. cxd4 Nc6 8.
Ngf3 Qb6 9. Nb3 Bb4+ 10. Bd2 Bxd2+ 11. Qxd2 Qb4 12. Qc3 Qxc3+ 13. bxc3 Nb6 14.
Nc5 O-O 15. O-O Nd7 16. Nb3 Rb8 17. Nc1 b5 18. a3 Na5 19. Rb1 a6 20. Na2 Nb6
21. Nd2 Nac4 22. Nxc4 bxc4 23. Bc2 Bd7 24. Nb4 Bb5 25. Rb2 a5 26. Na2 Ba4 27.
f4 Bxc2 28. Rxc2 Na4 29. Nc1 Rb1 30. Rf3 Ra1 31. g4 Rb8 32. Kg2 Rxa3 0-1

[Event "Grenzturnering 2013-2014"]
[Site "Logumkloster"]
[Date "2014.01.28"]
[Round "4"]
[White "Maas, Ralf"]
[Black "Sorensen, Helge"]
[Result "0-1"]
[WhiteElo "1214"]
[BlackElo "1627"]
[PlyCount "48"]
[EventDate "2013.??.??"]

1. d4 Nf6 2. Nf3 d5 3. e3 g6 4. c4 c6 5. Nc3 Bg7 6. Bd3 O-O 7. O-O Nbd7 8. Re1
Re8 9. e4 dxe4 10. Nxe4 Nxe4 11. Bxe4 Nf6 12. Bc2 Bg4 13. Be3 Qa5 14. h3 Bf5
15. Bd2 Qb6 16. Bxf5 gxf5 17. Qc1 Ne4 18. Be3 Rad8 19. d5 Qxb2 20. Qxb2 Bxb2
21. Rab1 Bc3 22. Red1 cxd5 23. Rxb7 d4 24. Bxd4 e5 0-1

[Event "Grenzturnering 2013-2014"]
[Site "Logumkloster"]
[Date "2014.01.28"]
[Round "4"]
[White "Schmidt, Holger"]
[Black "Palm, Eivind"]
[Result "0-1"]
[WhiteElo "1360"]
[BlackElo "1918"]
[PlyCount "104"]
[EventDate "2013.??.??"]

1. d4 f5 2. e3 Nf6 3. Nd2 g6 4. Bd3 d5 5. Ngf3 Bg7 6. c3 Bd7 7. Ne5 Nc6 8. f4
e6 9. Ndf3 Ne4 10. O-O Nxe5 11. dxe5 c5 12. Bd2 Qb6 13. Rb1 Bb5 14. Qe2 Bxd3
15. Qxd3 O-O 16. Be1 h6 17. Bh4 Rf7 18. Nd2 g5 19. Bg3 gxf4 20. Bxf4 c4 21. Qe2
Raf8 22. Nf3 Kh7 23. Qe1 Rg8 24. Kh1 Qd8 25. g3 Bf8 26. Rg1 Rfg7 27. Rc1 Qe8
28. Rc2 Qh5 29. Nd4 Qg6 30. Rcg2 a6 31. Nf3 Bc5 32. Nd4 Bxd4 33. exd4 Qg4 34.
Qe3 h5 35. h4 Qg6 36. a3 Qf7 37. Bh6 Rg4 38. Bf4 Qe7 39. Rh2 R8g6 40. Rh3 Qd7
41. Rg2 Qa4 42. Qf3 Qb3 43. Kh2 b5 44. Kh1 a5 45. Kh2 b4 46. axb4 axb4 47. Bd2
Qxb2 48. Be1 Qb3 49. Bd2 bxc3 50. Bc1 Rg7 51. Qe3 f4 52. Qf3 c2 0-1

[Event "Grenzturnering 2013-2014"]
[Site "Logumkloster"]
[Date "2014.01.28"]
[Round "4"]
[White "Svendsen, Gunnar"]
[Black "Jensen, Scot Wolfgang"]
[Result "1/2-1/2"]
[WhiteElo "1516"]
[BlackElo "1439"]
[PlyCount "87"]
[EventDate "2013.??.??"]

1. c4 e5 2. g3 Nf6 3. Bg2 Bc5 4. e3 Nc6 5. Ne2 a6 6. Nbc3 Ne7 7. d4 exd4 8.
exd4 Ba7 9. O-O O-O 10. b4 d5 11. c5 c6 12. Bb2 Bf5 13. Re1 Ng6 14. Qd2 Qd7 15.
Nf4 Bb8 16. Nxg6 fxg6 17. Re2 Bc7 18. Rae1 Rae8 19. f3 Rxe2 20. Rxe2 h6 21. g4
Be6 22. Qd3 Bf7 23. Bc1 g5 24. Nd1 Bb8 25. Ne3 Bf4 26. Bd2 Qc7 27. Bh1 g6 28.
Nf1 Kg7 29. Bxf4 gxf4 30. h4 Qd8 31. Qd2 g5 32. h5 Re8 33. Bg2 b6 34. Qd3 b5
35. Nd2 a5 36. a3 a4 37. Bf1 Re7 38. Kf2 Qe8 39. Rxe7 Qxe7 40. Qe2 Qxe2+ 41.
Bxe2 Nd7 42. Bd3 Nb8 43. Bf5 Kf6 44. Bd3 1/2-1/2

[Event "Grenzturnering 2013-2014"]
[Site "Leck"]
[Date "2014.02.25"]
[Round "5"]
[White "Heinemann, Guido"]
[Black "Homuth, Kim"]
[Result "1/2-1/2"]
[WhiteElo "1848"]
[BlackElo "2050"]
[PlyCount "85"]
[EventDate "2013.??.??"]

1. e4 c6 2. d4 d5 3. Nc3 dxe4 4. Bc4 Nf6 5. Bg5 Bg4 6. Nge2 e6 7. Bxf6 Qxf6 8.
Nxe4 Qd8 9. f3 Bf5 10. O-O Nd7 11. N2g3 Bg6 12. c3 Be7 13. Qe2 O-O 14. Rae1 b5
15. Bb3 a6 16. f4 Bh4 17. Qf3 c5 18. Nxc5 Nxc5 19. dxc5 Qc7 20. c6 Rac8 21. Rd1
Qb6+ 22. Kh1 Rxc6 23. f5 exf5 24. Nxf5 Bf6 25. Rd7 a5 26. Ne7+ Bxe7 27. Rxe7
Rf6 28. Qe2 b4 29. Rxf6 Qxf6 30. Re8 bxc3 31. Ba4 Qd6 32. Rxf8+ Qxf8 33. bxc3
Qb8 34. Qb5 Qxb5 35. Bxb5 Kf8 36. Kg1 Ke7 37. Kf2 Kd6 38. Ke3 Kc5 39. a4 Bf5
40. h3 Be6 41. Kd3 h5 42. h4 Bd5 43. Be8 1/2-1/2

[Event "Grenzturnering 2013-2014"]
[Site "Leck"]
[Date "2014.02.25"]
[Round "5"]
[White "Jensen, Scot Wolfgang"]
[Black "Eis, Harald"]
[Result "1-0"]
[WhiteElo "1439"]
[BlackElo "1770"]
[PlyCount "47"]
[EventDate "2013.??.??"]

1. e4 b6 2. a3 Bb7 3. Nc3 g6 4. Bc4 Bg7 5. Qf3 e6 6. Nge2 Qf6 7. Qxf6 Nxf6 8.
f3 d5 9. exd5 exd5 10. Ba2 O-O 11. O-O Re8 12. Re1 c5 13. d3 Nbd7 14. Nb5 Ba6
15. Nc7 Bb7 16. Nxa8 Bxa8 17. Bd2 Ne5 18. Nf4 d4 19. Re2 Bh6 20. Kf2 g5 21. Nh3
g4 22. Bxh6 gxh3 23. gxh3 Bxf3 24. Rxe5 1-0

[Event "Grenzturnering 2013-2014"]
[Site "Leck"]
[Date "2014.03.04"]
[Round "5"]
[White "Lauritzen, Vagn"]
[Black "Knott, Richard"]
[Result "0-1"]
[WhiteElo "1566"]
[BlackElo "1791"]
[PlyCount "36"]
[EventDate "2013.??.??"]

1. e4 e6 2. d4 d5 3. Nd2 c5 4. c3 cxd4 5. Qa4+ Bd7 6. Qxd4 Nc6 7. Qe3 Nf6 8.
Bd3 Ne5 9. Bc2 Qc7 10. f4 Bc5 11. Qg3 Neg4 12. Nh3 e5 13. f5 O-O-O 14. exd5 Ne3
15. Bb3 Nxf5 16. Qd3 Ne3 17. g3 Bxh3 18. c4 Bg2 0-1

[Event "Grenzturnering 2013-2014"]
[Site "Leck"]
[Date "2014.02.25"]
[Round "5"]
[White "Millgramm, Stephan"]
[Black "Andersen, Helge"]
[Result "1-0"]
[WhiteElo "1853"]
[BlackElo "1980"]
[PlyCount "79"]
[EventDate "2013.??.??"]

1. f4 d5 2. Nf3 c5 3. e3 Nc6 4. d4 cxd4 5. exd4 g6 6. c3 Bg4 7. Bd3 e6 8. O-O
Qc7 9. b4 Bh6 10. g3 Bg7 11. a4 Nxb4 12. cxb4 Bxf3 13. Bb5+ Kf8 14. Rxf3 a6 15.
Be2 Qb6 16. Bb2 Ne7 17. a5 Qxb4 18. Rb3 Qd6 19. Rxb7 Bf6 20. Qa4 Kg7 21. Rb6
Qc7 22. Nd2 h5 23. Rc1 Qd8 24. Nf3 Rb8 25. Qb3 Nf5 26. Bxa6 Nd6 27. Ne5 Ra8 28.
Ba3 Nc4 29. Bxc4 dxc4 30. Rxc4 Bxe5 31. dxe5 Rxa5 32. Bd6 Ra1+ 33. Kf2 h4 34.
g4 h3 35. g5 Qa8 36. Rb7 Ra2+ 37. Ke3 Qa6 38. Rxf7+ Kxf7 39. Rc7+ Ke8 40. Qb8+
1-0

[Event "Grenzturnering 2013-2014"]
[Site "Leck"]
[Date "2014.02.25"]
[Round "5"]
[White "Palm, Eivind"]
[Black "Karstensen, Christian"]
[Result "1/2-1/2"]
[WhiteElo "1918"]
[BlackElo "1973"]
[PlyCount "89"]
[EventDate "2013.??.??"]

1. d4 d5 2. g3 Nf6 3. Bg2 e6 4. Nf3 c5 5. O-O Nc6 6. c3 Be7 7. dxc5 Bxc5 8. b4
Bd6 9. a3 O-O 10. Bg5 h6 11. Bxf6 Qxf6 12. Qb3 Rd8 13. Nbd2 Bf8 14. c4 dxc4 15.
Nxc4 e5 16. b5 Nd4 17. Nxd4 exd4 18. Rac1 Rb8 19. Rfd1 Be6 20. Qd3 b6 21. Nd2
Bd5 22. Bxd5 Rxd5 23. Rc7 Bc5 24. Rxa7 Re8 25. Ne4 Qe5 26. Nxc5 bxc5 27. Qf3 f5
28. b6 Rdd8 29. Qb3+ Kh8 30. Qf7 Rg8 31. Re7 Qd6 32. b7 c4 33. Rc7 d3 34. Qxc4
dxe2 35. Re1 Rge8 36. Qc3 Qg6 37. Rc8 Qe6 38. Rxd8 Rxd8 39. Qc7 Qe8 40. Rxe2
Rd1+ 41. Kg2 Qxe2 42. b8=Q+ Kh7 43. Qe5 Qf1+ 44. Kf3 Rd3+ 45. Qe3 1/2-1/2

[Event "Grenzturnering 2013-2014"]
[Site "Leck"]
[Date "2014.03.17"]
[Round "5"]
[White "Sorensen, Helge"]
[Black "Falsig, Niels"]
[Result "0-1"]
[WhiteElo "1627"]
[BlackElo "1954"]
[PlyCount "56"]
[EventDate "2013.??.??"]

1. e4 d5 2. exd5 Nf6 3. c4 e6 4. dxe6 Bxe6 5. d4 Bb4+ 6. Nc3 Qe7 7. Be3 O-O 8.
Bd3 Bg4 9. Nge2 Ne4 10. Qc2 Bxe2 11. Bxe2 Nd7 12. O-O Nxc3 13. bxc3 Ba5 14.
Rab1 b6 15. Bf3 Rad8 16. Rfe1 Rfe8 17. Qd2 Qa3 18. Rb3 Qe7 19. Kf1 Nc5 20. Rbb1
Na4 21. Rb3 Qd7 22. Qc2 Re7 23. Rb5 Bxc3 24. Qxa4 Bxe1 25. Kxe1 Qxd4 26. Qc2
Rxe3+ 27. fxe3 Qxe3+ 28. Kf1 Rd2 0-1

[Event "Grenzturnering 2013-2014"]
[Site "Leck"]
[Date "2014.02.25"]
[Round "5"]
[White "Svendsen, Gunnar"]
[Black "Schmidt, Holger"]
[Result "1-0"]
[WhiteElo "1516"]
[BlackElo "1360"]
[PlyCount "65"]
[EventDate "2013.??.??"]

1. c4 e5 2. g3 Nf6 3. Bg2 d6 4. e3 Nbd7 5. Ne2 Be7 6. Nbc3 O-O 7. d4 exd4 8.
exd4 Re8 9. O-O Nf8 10. Qc2 c6 11. b3 Bd7 12. Bb2 Qc8 13. Rfe1 Bh3 14. Bh1 Ng6
15. Qd2 Bf5 16. Nf4 Nxf4 17. Qxf4 Bg6 18. Ne4 Nxe4 19. Bxe4 Bxe4 20. Rxe4 Bf8
21. Rae1 Qd7 22. d5 Rxe4 23. Qxe4 c5 24. f4 g6 25. Kg2 Bg7 26. Bxg7 Kxg7 27.
Qe7 Rd8 28. h3 Qc8 29. Re6 Qd7 30. Qf6+ Kg8 31. Re7 Qf5 32. Qxf5 gxf5 33. Rxb7
1-0

[Event "Grenzturnering 2013-2014"]
[Site "Tonder"]
[Date "2014.03.24"]
[Round "6"]
[White "Falsig, Niels"]
[Black "Heinemann, Guido"]
[Result "1-0"]
[WhiteElo "1954"]
[BlackElo "1848"]
[PlyCount "99"]
[EventDate "2013.??.??"]

1. d4 e6 2. Nf3 b6 3. g3 Bb7 4. Bg2 Nf6 5. c4 c5 6. d5 exd5 7. Nh4 Na6 8. cxd5
Nc7 9. Nc3 d6 10. O-O g6 11. e4 Bg7 12. f4 O-O 13. Qc2 Ba6 14. Re1 Ng4 15. Nf3
b5 16. h3 Nf6 17. a3 Rc8 18. Bd2 b4 19. Nd1 Nb5 20. Qa4 Nc7 21. axb4 Bb5 22.
Qb3 Re8 23. Nf2 c4 24. Qc2 a6 25. Bc3 Nd7 26. Bxg7 Kxg7 27. Qc3+ Kg8 28. Ng4 f6
29. Nd4 h5 30. Nc6 Bxc6 31. dxc6 hxg4 32. cxd7 Qxd7 33. Qxc4+ Kg7 34. h4 Nb5
35. Qd3 Qa7+ 36. Kh1 Qb6 37. Rad1 Rc7 38. Rd2 Rec8 39. e5 fxe5 40. fxe5 Rc1 41.
Rxc1 Rxc1+ 42. Rd1 Rxd1+ 43. Qxd1 dxe5 44. Qd7+ Kf6 45. Qxg4 Qd4 46. Qf3+ Kg7
47. Qb7+ Kh6 48. Qxa6 Qxb4 49. Qf6 Qd6 50. Qh8# 1-0

[Event "Grenzturnering 2013-2014"]
[Site "Tonder"]
[Date "2014.03.24"]
[Round "6"]
[White "Homuth, Kim"]
[Black "Millgramm, Stephan"]
[Result "1/2-1/2"]
[WhiteElo "2050"]
[BlackElo "1853"]
[PlyCount "28"]
[EventDate "2013.??.??"]

1. d4 f5 2. Nf3 Nf6 3. Bg5 e6 4. Nbd2 d5 5. Ne5 Nbd7 6. Nxd7 Bxd7 7. e3 Bd6 8.
f4 O-O 9. Bd3 Qe8 10. Bxf6 Rxf6 11. Qe2 c5 12. c3 c4 13. Bc2 b5 14. O-O Rh6
1/2-1/2

[Event "Grenzturnering 2013-2014"]
[Site "Tonder"]
[Date "2014.03.24"]
[Round "6"]
[White "Karstensen, Christian"]
[Black "Svendsen, Gunnar"]
[Result "1-0"]
[WhiteElo "1973"]
[BlackElo "1516"]
[PlyCount "47"]
[EventDate "2013.??.??"]

1. e4 c5 2. d4 cxd4 3. c3 d3 4. Bxd3 g6 5. Ne2 Bg7 6. c4 e6 7. Nbc3 a6 8. Be3
d6 9. Qd2 Ne7 10. f4 d5 11. cxd5 exd5 12. exd5 Nxd5 13. Bc5 b6 14. Ba3 Nxc3 15.
Nxc3 Bf8 16. O-O-O Bxa3 17. Rhe1+ Be7 18. Bb5+ Bd7 19. Bxd7+ Qxd7 20. Nd5 Ra7
21. Rxe7+ Qxe7 22. Nxe7 Rd7 23. Nd5 O-O 24. Nf6+ 1-0

[Event "Grenzturnering 2013-2014"]
[Site "Tonder"]
[Date "2014.03.24"]
[Round "6"]
[White "Lauritzen, Vagn"]
[Black "Jensen, Scot Wolfgang"]
[Result "1/2-1/2"]
[WhiteElo "1566"]
[BlackElo "1439"]
[PlyCount "59"]
[EventDate "2013.??.??"]

1. e4 e5 2. Nf3 Nc6 3. Bb5 Nge7 4. O-O a6 5. Ba4 b5 6. Bb3 h6 7. Nc3 d6 8. Nd5
Na5 9. c3 Bg4 10. h3 Bh5 11. Nxe7 Bxe7 12. Bc2 g5 13. g4 Bg6 14. d3 h5 15. b4
Nb7 16. a4 c6 17. Bb3 f6 18. Be3 hxg4 19. hxg4 Qd7 20. Nh2 Bd8 21. f3 Bf7 22.
Bc2 Be6 23. Rf2 Bc7 24. Nf1 Rh3 25. Rh2 Qh7 26. Qe2 Bd7 27. Qg2 Rxh2 28. Qxh2
Qxh2+ 29. Kxh2 c5 30. a5 1/2-1/2

[Event "Grenzturnering 2013-2014"]
[Site "Tonder"]
[Date "2014.03.24"]
[Round "6"]
[White "Maas, Ralf"]
[Black "Kristensen, Karl Martin"]
[Result "1/2-1/2"]
[WhiteElo "1214"]
[BlackElo "1684"]
[PlyCount "60"]
[EventDate "2013.??.??"]

1. d4 d6 2. Nf3 g6 3. g3 Bg7 4. Bg2 Nc6 5. c3 e5 6. e3 f5 7. dxe5 Nxe5 8. Nxe5
Bxe5 9. f4 Bg7 10. O-O Nf6 11. Qb3 c6 12. Nd2 d5 13. c4 Ne4 14. cxd5 Qxd5 15.
Nxe4 fxe4 16. Qb4 Bf5 17. Qxb7 O-O 18. Qb3 Rab8 19. Qxd5+ cxd5 20. Rd1 Rfd8 21.
Rb1 a5 22. b3 d4 23. Bd2 Rb5 24. Bc3 Rbd5 25. Bxd4 Bxd4 26. Rxd4 Rxd4 27. exd4
Rxd4 28. Rc1 Rd2 29. Re1 Rxa2 30. Bxe4 Be6 1/2-1/2

[Event "Grenzturnering 2013-2014"]
[Site "Tonder"]
[Date "2014.03.24"]
[Round "6"]
[White "Palm, Eivind"]
[Black "Andersen, Helge"]
[Result "0-1"]
[WhiteElo "1918"]
[BlackElo "1980"]
[PlyCount "98"]
[EventDate "2013.??.??"]

1. d4 Nf6 2. c4 g6 3. Nc3 d5 4. cxd5 Nxd5 5. e4 Nxc3 6. bxc3 Bg7 7. Nf3 c5 8.
Be3 O-O 9. Rc1 cxd4 10. cxd4 Nc6 11. Be2 Qa5+ 12. Qd2 Qxd2+ 13. Kxd2 Rd8 14. d5
e6 15. Bc4 Na5 16. Ke2 Nxc4 17. Rxc4 exd5 18. exd5 Rxd5 19. Rhc1 Bf5 20. Rc7 b6
21. Ng5 Bb2 22. Nxh7 Kxh7 23. Rxf7+ Kg8 24. Rcc7 Bd3+ 25. Kf3 Rf5+ 26. Rxf5
Bxf5 27. g4 Bb1 28. a4 Rf8+ 29. Ke2 Rf7 30. Rc8+ Kg7 31. h4 Be4 32. f4 Bb7 33.
Rc2 Bf6 34. g5 Be7 35. Bd4+ Kg8 36. Be5 Bc5 37. Rd2 Re7 38. Rd8+ Kf7 39. Kd3
Bc6 40. Rh8 Bxa4 41. Rh7+ Ke6 42. Rh6 Kf5 43. h5 Rd7+ 44. Kc3 gxh5 45. g6 Bf8
46. Rh7 Kxg6 47. Rxd7 Bxd7 48. Bb8 a5 49. Bc7 Bc5 0-1

[Event "Grenzturnering 2013-2014"]
[Site "Logumkloster"]
[Date "2014.04.29"]
[Round "7"]
[White "Andersen, Helge"]
[Black "Homuth, Kim"]
[Result "0-1"]
[WhiteElo "1980"]
[BlackElo "2050"]
[PlyCount "86"]
[EventDate "2013.??.??"]

1. d4 Nf6 2. Nf3 e6 3. Bg5 c5 4. e4 Qb6 5. Bxf6 Qxb2 6. d5 gxf6 7. Nbd2 b6 8.
Bc4 Ba6 9. dxe6 fxe6 10. O-O Qc3 11. Bxa6 Nxa6 12. e5 f5 13. Qe2 Nc7 14. Rad1
Rg8 15. Nc4 Nd5 16. Nd6+ Kd8 17. Nxf5 Rxg2+ 18. Kh1 Rg8 19. Rd3 Qc4 20. Rfd1
Qg4 21. Ng3 Bh6 22. Rg1 Nf4 23. Qe4 Nxd3 24. Qxa8+ Ke7 25. Nf5+ exf5 26. Rxg4
Nxf2+ 27. Kg2 Rxa8 28. Rh4 Be3 29. Rxh7+ Ke6 30. Kf1 Ne4 31. Ke2 Bf4 32. h4
Bxe5 33. Nxe5 Kxe5 34. Rxd7 Kf4 35. Rf7 Nc3+ 36. Kd3 Nxa2 37. h5 Rd8+ 38. Kc4
Rd2 39. h6 Rxc2+ 40. Kb5 Nc3+ 41. Ka6 Ra2+ 42. Kb7 Ne4 43. Rg7 Rh2 0-1

[Event "Grenzturnering 2013-2014"]
[Site "Logumkloster"]
[Date "2014.04.29"]
[Round "7"]
[White "Falsig, Niels"]
[Black "Millgramm, Stephan"]
[Result "1/2-1/2"]
[WhiteElo "1954"]
[BlackElo "1853"]
[PlyCount "66"]
[EventDate "2013.??.??"]

1. d4 e6 2. Nf3 f5 3. c4 d5 4. Bg5 Be7 5. Bxe7 Qxe7 6. e3 Nd7 7. Nc3 c6 8. Be2
Ngf6 9. O-O O-O 10. Ne5 Nxe5 11. dxe5 Nd7 12. f4 Nb6 13. cxd5 exd5 14. a3 a5
15. b3 Be6 16. Bf3 g5 17. g3 g4 18. Bg2 h5 19. h4 Nd7 20. Ne2 Rfd8 21. Nd4 Nc5
22. Qc2 Ne4 23. Bxe4 dxe4 24. Rfd1 Qf7 25. Nxe6 Qxe6 26. Rxd8+ Rxd8 27. Rd1 Rd5
28. Rd4 c5 29. Rxd5 Qxd5 30. Qc4 Qxc4 31. bxc4 Kf7 32. Kf2 Ke6 33. Ke2 a4
1/2-1/2

[Event "Grenzturnering 2013-2014"]
[Site "Logumkloster"]
[Date "2014.04.29"]
[Round "7"]
[White "Heinemann, Guido"]
[Black "Knott, Richard"]
[Result "1-0"]
[WhiteElo "1848"]
[BlackElo "1791"]
[PlyCount "43"]
[EventDate "2013.??.??"]

1. e4 e6 2. d4 d5 3. Nc3 dxe4 4. f3 Bb4 5. a3 Bxc3+ 6. bxc3 Bd7 7. Bc4 Bc6 8.
Bf4 Nf6 9. fxe4 Nxe4 10. Qg4 Qf6 11. Ne2 Nxc3 12. Bg5 Qg6 13. Nxc3 h6 14. d5
Bd7 15. dxe6 Bxe6 16. Bxe6 fxe6 17. O-O hxg5 18. Rae1 Rh6 19. Qb4 Nd7 20. Qxb7
Rb8 21. Qxc7 e5 22. Rxe5+ 1-0

[Event "Grenzturnering 2013-2014"]
[Site "Logumkloster"]
[Date "2014.04.29"]
[Round "7"]
[White "Jensen, Jens Peter"]
[Black "Svendsen, Gunnar"]
[Result "0-1"]
[WhiteElo "1317"]
[BlackElo "1516"]
[PlyCount "94"]
[EventDate "2013.??.??"]

1. e4 c5 2. Bc4 d6 3. Nc3 Nf6 4. d3 e6 5. Nf3 Nc6 6. a3 h6 7. h3 Be7 8. Bb5 Bd7
9. O-O a6 10. Ba4 b5 11. Bb3 O-O 12. Be3 Qc7 13. Nh2 b4 14. Ne2 Rfb8 15. f4 Na5
16. Ba2 bxa3 17. bxa3 Nh7 18. Ng4 h5 19. Nh2 Bf6 20. d4 cxd4 21. Bxd4 Bb5 22.
Rf2 Bxd4 23. Nxd4 Qc5 24. Nxb5 Rxb5 25. Kf1 Nf6 26. Qd3 Rb2 27. Nf3 Qc6 28. e5
Ne4 29. Nd4 Nxf2 30. Kxf2 Qb6 31. Kg3 dxe5 32. fxe5 Rd8 33. c3 Nc6 34. Qe4 Nxd4
35. cxd4 Qxd4 36. Qe1 Qd2 37. Qg1 Rxa2 38. Rxa2 Qxa2 39. Qc5 Qd5 40. Qc7 Qa8
41. Kh4 g6 42. g3 Qb8 43. Qe7 Rd4+ 44. g4 hxg4 45. Qf6 Qd8 46. hxg4 Qxf6+ 47.
exf6 Ra4 0-1

[Event "Grenzturnering 2013-2014"]
[Site "Logumkloster"]
[Date "2014.04.29"]
[Round "7"]
[White "Jensen, Scot Wolfgang"]
[Black "Palm, Eivind"]
[Result "0-1"]
[WhiteElo "1439"]
[BlackElo "1918"]
[PlyCount "78"]
[EventDate "2013.??.??"]

1. e4 c5 2. c3 Nc6 3. Na3 Nf6 4. d3 d5 5. exd5 Nxd5 6. Nc2 g6 7. c4 Nf6 8. Nf3
Bg7 9. Be2 O-O 10. Ne3 e5 11. Bd2 e4 12. dxe4 Nxe4 13. Rb1 Nxd2 14. Qxd2 Qxd2+
15. Kxd2 Be6 16. Rhd1 Rad8+ 17. Ke1 Nd4 18. Nxd4 cxd4 19. Nc2 Bf5 20. Bd3 Rfe8+
21. Kf1 Bg4 22. f3 Be6 23. b3 a5 24. a4 Bd7 25. Be4 Bc6 26. Bd3 f5 27. Re1 Kf7
28. Rbd1 Be5 29. g3 Bxf3 30. Rd2 Bf6 31. Rf2 Be4 32. Rd1 Kg7 33. Na3 Bg5 34.
Bxe4 fxe4 35. Nb5 e3 36. Rg2 d3 37. Nc3 e2+ 38. Nxe2 dxe2+ 39. Rxe2 Rxd1+ 0-1

[Event "Grenzturnering 2013-2014"]
[Site "Logumkloster"]
[Date "2014.04.29"]
[Round "7"]
[White "Schmidt, Holger"]
[Black "Lauritzen, Vagn"]
[Result "1/2-1/2"]
[WhiteElo "1360"]
[BlackElo "1566"]
[PlyCount "70"]
[EventDate "2013.??.??"]

1. d4 Nf6 2. c4 g6 3. Nc3 Bg7 4. Nf3 d6 5. e4 O-O 6. Bd3 b6 7. O-O Bb7 8. Re1
Nc6 9. a3 e6 10. b3 Nd7 11. Be3 Nf6 12. Rc1 Ng4 13. Qe2 Nxe3 14. Qxe3 Qf6 15.
d5 Nd4 16. Nxd4 Qxd4 17. Qxd4 Bxd4 18. Rc2 a6 19. Kf1 Rae8 20. Ne2 Bg7 21. f3
e5 22. a4 Bc8 23. b4 f5 24. Kg1 f4 25. c5 Bb7 26. cxd6 cxd6 27. Rc7 Rf7 28.
Rec1 Ree7 29. Rxe7 Rxe7 30. b5 a5 31. Rc2 h5 32. Nc1 Rd7 33. Nb3 Bf6 34. Nd2 g5
35. h3 h4 1/2-1/2

[Event "Grenzturnering 2013-2014"]
[Site "Logumkloster"]
[Date "2014.04.29"]
[Round "7"]
[White "Sorensen, Helge"]
[Black "Karstensen, Christian"]
[Result "0-1"]
[WhiteElo "1627"]
[BlackElo "1973"]
[PlyCount "78"]
[EventDate "2013.??.??"]

1. e4 c5 2. Nf3 d6 3. d4 cxd4 4. Nxd4 Nf6 5. Nc3 a6 6. Be2 e5 7. Nf3 Be7 8. O-O
O-O 9. h3 Qc7 10. Be3 Be6 11. Qd2 b5 12. a3 Nbd7 13. Ng5 Bc4 14. Bxc4 Qxc4 15.
Qd3 Rfc8 16. Rfd1 h6 17. Nf3 b4 18. axb4 Qxb4 19. Bd2 Qb7 20. b3 Nc5 21. Qe3
Ncxe4 22. Nxe4 Qxe4 23. c4 Rcb8 24. Qc3 Qb7 25. b4 Ne4 26. Qc2 Nxd2 27. Nxd2
Qxb4 28. Ne4 Qb6 29. Rab1 Qc6 30. Rbc1 a5 31. Rd5 a4 32. Rcd1 a3 33. Nxd6 Bxd6
34. Rxd6 Qe8 35. Ra1 e4 36. Qc3 Qa4 37. Rdd1 a2 38. c5 Qxd1+ 39. Rxd1 Rb1 0-1